000 00678nam a22001817a 4500
003 UA-OsUOA
001 15854
007 ta
008 20031210b un ||||| |||| 00| 0 ukr d
100 _aЦикун О.
942 _cSA
040 _aUA-OsUOA
_cUA-OsUOA
_dUA-OsUOA
245 _a"Люди мені повірили і я намагаюся справдити їх довір'я": [Бесіда з директором СВК "Мир" с. Мирне Костопіл. р-ну]
300 _aС.2
955 _a0
773 0 _w0
_tВічеве слово
_dКостопіль
_d2003
_g№46/ 15 листоп./
650 7 _aКраєзнавча робота
_2UDC
999 _c302019
_d302019